A first Course in Mathematics (Record no. 179981)

000 -LEADER
fixed length control field 01018 a2200169 4500
003 - CONTROL NUMBER IDENTIFIER
control field Nust
005 - DATE AND TIME OF LATEST TRANSACTION
control field 20250925113127.0
040 ## - CATALOGING SOURCE
Transcribing agency Nust
082 ## - DEWEY DECIMAL CLASSIFICATION NUMBER
Classification number 510
100 ## - MAIN ENTRY--PERSONAL NAME
Personal name Haler P.J
9 (RLIN) 130699
245 ## - TITLE STATEMENT
Title A first Course in Mathematics
Remainder of title For Technical Students
Statement of responsibility, etc. P.J.Haler and A.H.Stuart
260 ## - PUBLICATION, DISTRIBUTION, ETC.
Place of publication, distribution, etc. London:
Name of publisher, distributor, etc. University Tutorial Press
Date of publication, distribution, etc. 1939
300 ## - PHYSICAL DESCRIPTION
Extent 295p
505 ## - FORMATTED CONTENTS NOTE
Formatted contents note Measurements Decimal Functions (Page-1) Vulgar Fractions (Page-25) Powers and Roots (Page-40) Use of Squared Paper Graphs (Page-51) Ratio and Proportions’ (Page-68) Angles and Plane Figures (Page-86) Circumference and Area of a Circle (Page-105) Use of Formula (Page-119) Logarithms and Their Use (Page-131) Algebra Processes (Page-144) Equations (Page-167) Measurements of Angles and Solution of Triangles (Page-184) Common Solids (Page-207) Relative Denies Weight and Volume (Page-219) Graphs of Simple Functions (Page-231) Graphic Solution of Equations (Page-243)
650 ## - SUBJECT ADDED ENTRY--TOPICAL TERM
Topical term or geographic name entry element A first Course in Mathematics
9 (RLIN) 130700
942 ## - ADDED ENTRY ELEMENTS (KOHA)
Source of classification or shelving scheme
Koha item type Book
Holdings
Withdrawn status Lost status Source of classification or shelving scheme Damaged status Not for loan Permanent Location Current Location Shelving location Date acquired Full call number Barcode Date last seen Price effective from Koha item type Public note
          Military College of Signals (MCS) Military College of Signals (MCS) General Stacks 12/12/2016 510,HAL MCS29702 12/08/2016 12/12/2016 Book Almirah No.82, Shelf No.1
© 2023 Central Library, National University of Sciences and Technology. All Rights Reserved.